000 003270000a22001090004500
100 1 _aZapata León, Sergio
245 1 0 _aLa Siempreviva : ...una obra de teatro de Miguel Torres
300 _aVol.0, núm.2 (Noviembre, 2005), Página 30
500 _aPeriodista
773 0 _tArcadia / Andrés Felipe Solano, Editor
942 _cANA
999 _c61721
_d61721